| 000 | 00914nam a22002777a 4500 | ||
|---|---|---|---|
| 003 | CHAP | ||
| 005 | 20220329140029.0 | ||
| 008 | 971013s r 00010 d | ||
| 010 | _a45892 | ||
| 011 | _a46864 | ||
| 035 | _a51005 | ||
| 040 | _cCHAP | ||
| 090 | _aR-107 | ||
| 100 | 0 | 0 |
_aResnick, Máximo E. _996125 |
| 245 | _aToxicidad del sodio en plántulas de palta y distribución de ese elemento de las zonas afectadas de las hojas | ||
| 500 | _aSobretiro de : Rev. Inv. Agrop. Ser. 2, 3 (21) : 341-45, 1966 | ||
| 590 |
_aBATCH-UPD _b10 _c20130110 _lUCH01 _h1655 |
||
| 590 |
_aBATCH-UPD _b10 _c20130410 _lUCH01 _h1043 |
||
| 590 |
_aBATCH-UPD _b10 _c20130913 _lUCH01 _h2301 |
||
| 590 |
_aCONVERSION _b10 _c20130109 _lUCH01 _h1325 |
||
| 650 | 1 | 4 |
_aAguacate _xEnfermedades. _92510 |
| 650 | 1 | 4 |
_aSodio _xEfecto en plantas. _9108261 |
| 901 | _aBK | ||
| 942 | _cREIMP | ||
| 949 |
_aR-107 _bBC _cR _d-114379 _eTS1 _i51005 _sb |
||
| 999 |
_c45892 _d45892 |
||